[Event "Eita Bagaça"]
[Site "http://www.queenalice.com/game.php?id=252635"]
[Date "2007.8.8"]
[Round "-"]
[White "karamazowii"]
[Black "Pops"]
[Result "1-0"]
[WhiteElo "1588"]
[BlackElo "1378"]

1. c4 c5 2. e4 Nc6 3. Nf3 e5 4. Be2 Nf6 5. Nc3 Be7 6. O-O d6 7. a3 O-O 8. Re1 b6
9. d3 Bb7 10. Qa4 a6 11. Bg5 h6 12. Bd2 Nd4 13. Nxd4 cxd4 14. Nd5 Nxd5 15. exd5
Qc7 16. f4 Bc8 17. fxe5 Bd7 18. Qb3 dxe5 19. Bb4 Bd6 20. Bxd6 Qxd6 21. a4 Rab8
22. Qa3 Qg6 23. g3 Rfd8 24. Bf3 Bf5 25. Rxe5 Bxd3 26. Bh5 Qf6 27. Rae1 Kh7 28.
Qxd3+ g6 29. Qf3 Qg7 30. Re7 Rf8 31. Bg4 Kh8 32. Qe2 a5 33. Qe5 Qxe5 34. R7xe5
Kg7 35. Rd1 1-0

[Event "Challenge"]
[Site "http://www.queenalice.com/game.php?id=252658"]
[Date "2007.8.8"]
[Round "-"]
[White "Pops"]
[Black "vania"]
[Result "1-0"]
[WhiteElo "1346"]
[BlackElo "1304"]

1. e4 e5 2. Nf3 Nf6 3. Nc3 Nc6 4. Bc4 Na5 5. Nxe5 Nxc4 6. Nxc4 d5 7. exd5 Nxd5
8. Nxd5 Qxd5 9. Ne3 Qg5 10. d4 f5 11. O-O f4 12. Re1 fxe3 13. Rxe3+ Kf7 14. Rf3+
Qf6 15. Rxf6+ gxf6 16. Qh5+ Ke7 17. Qc5+ Ke6 18. d5+ Kf7 19. Qxc7+ Ke8 20. Bf4
Bf5 21. Re1+ Be7 22. d6 Kf7 23. Rxe7+ Kg6 24. Rg7+ Kh5 25. Qf7+ Kh4 26. Bg3# 1-0

[Event "Challenge"]
[Site "http://www.queenalice.com/game.php?id=253633"]
[Date "2007.8.10"]
[Round "-"]
[White "vania"]
[Black "Pops"]
[Result "0-1"]
[WhiteElo "1284"]
[BlackElo "1370"]

1. e4 c5 2. c4 Nc6 3. a4 e6 4. h4 Nf6 5. f4 Nxe4 6. Bd3 d5 7. cxd5 exd5 8. Nf3
Ng3 9. Rh3 Bxh3 10. Qc2 Bxg2 11. Ng5 Qe7+ 12. Kf2 Nd4 13. Qc3 Nge2 14. Kxg2 Nxc3
15. dxc3 Qe1 16. Bd2 Qxh4 17. cxd4 Bd6 18. Bb5+ Kf8 19. dxc5 Bxc5 20. Nc3 Qg4+
21. Kh2 Bf2 22. Ne2 Rc8 23. Rf1 Bh4 24. Nf3 Rc2 25. Rg1 Qxf3 26. Nd4 Rxd2+ 27.
Be2 Qxf4+ 28. Kh3 Qxd4 29. Rg4 Qe3+ 30. Kxh4 Rxe2 31. b4 Rh2# 0-1

[Event "+ 1"]
[Site "http://www.queenalice.com/game.php?id=256758"]
[Date "2007.8.17"]
[Round "-"]
[White "Pops"]
[Black "karamazowii"]
[Result "1-0"]
[WhiteElo "1401"]
[BlackElo "1577"]

1. e4 e5 2. Nf3 d6 3. d4 exd4 4. Nxd4 Qh4 5. Nc3 Bg4 6. Nf3 Qf6 7. Be2 Nd7 8. h3
Be6 9. O-O h6 10. Re1 O-O-O 11. Nd5 Bxd5 12. exd5 Ne5 13. c4 Nxf3+ 14. Bxf3 Qg6
15. Be3 a6 16. Ba7 Ne7 17. Bh5 Qf6 18. Qd3 b6 19. c5 Kb7 20. Bxb6 cxb6 21. cxb6
Qf5 22. Qc3 Nxd5 23. Bf3 Rc8 24. Qb3 Rc5 25. Rad1 Kc6 26. Re8 Rb5 27. Bxd5+ Qxd5
28. Rc1+ Kxb6 29. Qe3+ Rc5 30. b4 Qg5 31. bxc5+ dxc5 32. Rb8+ Ka7 33. Rcb1 Qxe3
34. R1b7# 1-0

[Event "Challenge"]
[Site "http://www.queenalice.com/game.php?id=271857"]
[Date "2007.9.14"]
[Round "-"]
[White "Pops"]
[Black "TomBishop"]
[Result "0-1"]
[WhiteElo "1509"]
[BlackElo "1282"]

1. e4 e5 2. Nf3 Nc6 3. g3 Nf6 4. d3 d5 5. exd5 Nxd5 6. Bg2 Nf6 7. O-O Bc5 8. a3
b6 9. b4 Bd6 10. b5 Ne7 11. Nd4 Rb8 12. Nc6 Nxc6 13. bxc6 e4 14. Re1 O-O 15.
dxe4 Qe8 16. Nc3 Be5 17. Bb2 Qxc6 18. Qd3 Bb7 19. Rab1 Rfd8 20. Qb5 Bxc3 21.
Bxc3 Qxc3 22. e5 Ng4 23. e6 Qxc2 24. Bxb7 Qxf2+ 0-1

[Event "Challenge"]
[Site "http://www.queenalice.com/game.php?id=272123"]
[Date "2007.9.15"]
[Round "-"]
[White "Pops"]
[Black "ed_is_great"]
[Result "1-0"]
[WhiteElo "1480"]
[BlackElo "1537"]

1. e4 e6 2. d4 Qe7 3. Nf3 Nf6 4. Nc3 h5 5. g3 d5 6. exd5 exd5+ 7. Be2 Bg4 8. O-O
Nc6 9. Re1 Rb8 10. Ng5 Bxe2 11. Rxe2 Ne5 12. Rxe5 Qxe5 13. dxe5 Ng4 14. Nxd5 Bc5
15. Nxc7+ Kf8 16. Nce6+ Ke7 17. Nxc5 Rbd8 18. Qf3 Rb8 19. Qxf7+ 1-0

[Event "Challenge"]
[Site "http://www.queenalice.com/game.php?id=272144"]
[Date "2007.9.15"]
[Round "-"]
[White "Pops"]
[Black "limone_br"]
[Result "1-0"]
[WhiteElo "1498"]
[BlackElo "1375"]

1. g3 d5 2. Nf3 e6 3. Bg2 c5 4. e3 Nc6 5. O-O Nf6 6. c3 d4 7. d3 Bd6 8. cxd4
cxd4 9. exd4 Ng4 10. Nc3 Qb6 11. d5 exd5 12. Nxd5 Qd8 13. Ne3 O-O 14. b3 Nb4 15.
a3 Na6 16. b4 h6 17. Qc2 Be5 18. Nxe5 Nxe5 19. Bb2 Nxd3 20. Rad1 Ndxb4 21. axb4
Qb6 22. Nd5 Qd8 23. Nf6+ gxf6 24. Rxd8 Rxd8 25. Bxf6 Rd6 26. Qc3 Bg4 27. Bh8 Rg6
28. Bxb7 Rb8 29. Bxa6 Rbb6 30. Bd3 Rbc6 31. Qd4 f5 32. Bc4+ Kf8 33. Qd8# 1-0

[Event "Challenge"]
[Site "http://www.queenalice.com/game.php?id=273181"]
[Date "2007.9.18"]
[Round "-"]
[White "karamazowii"]
[Black "Pops"]
[Result "0-1"]
[WhiteElo "1561"]
[BlackElo "1484"]

1. Nc3 Nf6 2. e4 d6 3. h3 g6 4. d3 Bg7 5. Bd2 O-O 6. Qc1 e6 7. Bh6 c6 8. Nf3
Nbd7 9. Be2 Qc7 10. O-O d5 11. Qf4 Qb6 12. Rfb1 Nh5 13. Qe3 d4 14. Na4 dxe3 15.
Nxb6 exf2+ 16. Kxf2 axb6 17. Bxg7 Kxg7 18. Ke3 Ng3 19. Bd1 f5 20. exf5 Nxf5+ 21.
Kf2 Nh4 22. g3 Nxf3 23. Bxf3 Ne5 24. Kg2 Nxf3 25. c3 e5 26. g4 h5 27. gxh5 gxh5
28. Rh1 Nh4+ 29. Kh2 Rf2+ 30. Kg3 Rf4 31. d4 Nf5+ 32. Kh2 h4 33. Rhg1+ Kh6 34.
dxe5 Rf2+ 35. Rg2 Rxg2+ 36. Kxg2 Ne3+ 37. Kh2 Be6 38. b3 Bxb3 39. a3 Nc2 40. Rf1
Rxa3 41. Rf6+ Kh5 42. e6 Bxe6 43. Rxe6 Rxc3 44. Re7 Ne3 45. Rh7+ Kg5 46. Rxb7 b5
47. Rg7+ Kh5 48. Rh7+ Kg5 49. Kg1 Nf5 50. Kh2 Kf4 51. Rh8 Rc2+ 52. Kg1 Kg3 53.
Rg8+ Kxh3 54. Kf1 Ng3+ 55. Ke1 Kg2 56. Re8 h3 57. Kd1 Rb2 58. Kc1 Rf2 59. Re1 h2
60. Kd1 Nf1 61. Re2 h1=Q 62. Rxf2+ Kxf2 63. Kc2 Ne3+ 64. Kb2 Qd5 65. Ka3 Ke2 66.
Kb4 Kd2 67. Ka5 Nc4+ 68. Ka6 Qc5 69. Kb7 Qb6+ 70. Kc8 Qa7 71. Kd8 Ne5 72. Kc8
Qd7+ 73. Kb8 Nf7 74. Ka8 Nd8 0-1

[Event "Let's Play Chess!"]
[Site "http://www.queenalice.com/game.php?id=277632"]
[Date "2007.9.27"]
[Round "-"]
[White "gcmorales"]
[Black "Pops"]
[Result "0-1"]
[WhiteElo "1304"]
[BlackElo "1503"]

1. Nf3 d5 2. Nc3 Nf6 3. Nd4 c5 4. Nf5 Bxf5 5. d3 a6 6. a4 Nc6 7. e4 dxe4 8. Nxe4
Nxe4 9. dxe4 Bxe4 10. b3 Qxd1+ 11. Kxd1 Nd4 12. Bd3 Bxg2 13. Rg1 Bf3+ 14. Ke1
Rd8 15. Rg3 e6 16. c3 Nxb3 17. Rb1 Rxd3 18. Be3 Be4 19. Rxb3 c4 20. Rb4 Bxb4 21.
cxb4 O-O 22. Rg4 Bf3 23. Bd2 Rfd8 24. Rf4 Rxd2 25. Rxf3 Rd1+ 26. Ke2 Rb1 27. Rf4
c3 28. Rc4 Rb2+ 29. Ke3 c2 30. b5 Rb3+ 31. Ke2 Rb2 32. bxa6 bxa6 33. a5 c1=Q+
34. Rc2 Rxc2+ 35. Kf3 Rd3+ 36. Ke4 Qd2 37. h4 Rc4+ 38. Ke5 Rd5# 0-1

[Event "Challenge"]
[Site "http://www.queenalice.com/game.php?id=278090"]
[Date "2007.9.28"]
[Round "-"]
[White "ed_is_great"]
[Black "Pops"]
[Result "1-0"]
[WhiteElo "1613"]
[BlackElo "1509"]

1. e4 c5 2. c4 Nc6 3. Nf3 b6 4. Nc3 Bb7 5. d3 d6 6. Nh4 e6 7. Qg4 Nh6 8. Qh3 Be7
9. Be2 Bxh4 10. Be3 Bg5 11. Nb5 Bxe3 12. fxe3 Bc8 13. Qh5 a6 14. Nc3 Qf6 15. Rf1
Qe7 16. O-O-O Ne5 17. Rf2 d5 18. Qxe5 f6 19. Qh5+ Nf7 20. exd5 Bb7 21. Bf3 exd5
22. cxd5 Qxe3+ 23. Rdd2 Qe1+ 24. Nd1 g6 25. Qh3 Qg1 26. Kc2 Ng5 27. Rde2+ Kf7
28. Qd7+ Kg8 29. Qxb7 Rd8 30. Re7 Qxh2 31. Rg7+ Kf8 32. Qe7# 1-0

[Event "Challenge"]
[Site "http://www.queenalice.com/game.php?id=289320"]
[Date "2007.10.19"]
[Round "-"]
[White "mattbel"]
[Black "Pops"]
[Result "1-0"]
[WhiteElo "1537"]
[BlackElo "1528"]

1. e4 c5 2. d3 Nc6 3. Nh3 b6 4. Be2 Bb7 5. O-O e6 6. Bg5 Nge7 7. Nd2 g6 8. Nc4
Qc7 9. Bf4 e5 10. Be3 Bg7 11. c3 O-O 12. d4 exd4 13. cxd4 cxd4 14. Bf4 d6 15.
Bxd6 Qd7 16. Bg4 Qd8 17. Qf3 Re8 18. Ng5 Nc8 19. Qxf7+ Kh8 20. Ne6 Rg8 21. Be7
N6xe7 22. Nxd8 1-0

[Event "Let's Play Chess!"]
[Site "http://www.queenalice.com/game.php?id=292999"]
[Date "2007.10.26"]
[Round "-"]
[White "Pops"]
[Black "spawnwolfwolverine"]
[Result "1-0"]
[WhiteElo "1511"]
[BlackElo "1545"]

1. Nf3 d6 2. g3 e5 3. Bg2 Bg4 4. Nc3 Nf6 5. d3 Be7 6. O-O O-O 7. b3 Nc6 8. Bb2
Bxf3 9. Bxf3 Rb8 10. e3 b6 11. Bxc6 a5 12. Nd5 Nxd5 13. Bxd5 c5 14. d4 cxd4 15.
exd4 exd4 16. Bxd4 Bf6 17. Re1 Bxd4 18. Qxd4 Kh8 19. Re4 Qg5 20. Rg4 Qh6 21. Re1
f5 22. Rh4 Qg6 23. Re7 h6 24. g4 fxg4 25. Rxg4 Qf6 26. Qxf6 gxf6 27. Rgg7 Rf7
28. Rexf7 Rb7 29. Rh7+ Kg8 30. Rxb7+ Kf8 31. Rb8# 1-0

[Event "GO GO GO"]
[Site "http://www.queenalice.com/game.php?id=293067"]
[Date "2007.10.26"]
[Round "-"]
[White "Pops"]
[Black "elche"]
[Result "0-1"]
[WhiteElo "1512"]
[BlackElo "1683"]

1. Nf3 d5 2. g3 Nf6 3. Bg2 e6 4. e3 Bd6 5. O-O O-O 6. Nc3 c5 7. d4 c4 8. b3 Bb4
9. Bb2 Bxc3 10. Bxc3 Ne4 11. Qe1 Nd7 12. Nh4 Nxc3 13. Qxc3 Nf6 14. bxc4 Ne4 15.
Qd3 f5 16. cxd5 exd5 17. c4 dxc4 18. Qxc4+ Kh8 19. Qd3 Be6 20. Bxe4 Qd7 21. Bxf5
Bxf5 22. Nxf5 Qxf5 23. Qxf5 Rxf5 24. Kg2 Re8 25. Rac1 Ra5 26. Rc7 b5 27. Rfc1
Rxa2 28. Rc8 Rg8 29. h4 a5 30. Kh3 b4 31. Kg4 b3 32. Kf5 Rxf2+ 33. Ke6 Rf6+ 34.
Ke7 h6 35. Rxg8+ Kxg8 36. Rc8+ Kh7 37. Ra8 Rb6 38. Rf8 b2 39. Rf1 b1=Q 40. Rxb1
Rxb1 41. d5 a4 42. d6 a3 43. d7 Rd1 44. e4 a2 0-1

[Event "Challenge"]
[Site "http://www.queenalice.com/game.php?id=293721"]
[Date "2007.10.27"]
[Round "-"]
[White "vania"]
[Black "Pops"]
[Result "1-0"]
[WhiteElo "1230"]
[BlackElo "1494"]

1. Nf3 d5 2. Nc3 Nf6 3. d4 e6 4. h4 c5 5. dxc5 Bxc5 6. e3 Nc6 7. Bd3 d4 8. exd4
Bb6 9. Ng5 Bxd4 10. Nb5 a6 11. Nxd4 Nxd4 12. c3 Qa5 13. b4 Qe5+ 14. Be3 Ng4 15.
cxd4 Qf6 16. Qxg4 Qe7 17. Nxh7 Qxb4+ 18. Bd2 Qb6 19. Qxg7 Rxh7 20. Bxh7 1-0

[Event "Challenge"]
[Site "http://www.queenalice.com/game.php?id=294221"]
[Date "2007.10.28"]
[Round "-"]
[White "ilestlibremax"]
[Black "Pops"]
[Result "1-0"]
[WhiteElo "1669"]
[BlackElo "1503"]

1. Nf3 d5 2. d4 e6 3. c4 c6 4. cxd5 cxd5 5. a3 Nc6 6. Bg5 Nge7 7. Nc3 Qd7 8.
Bxe7 Qxe7 9. e3 g6 10. Be2 Bg7 11. O-O O-O 12. Rc1 Bd7 13. b4 a6 14. Na4 Qd8 15.
Nc5 b6 16. Nxd7 Qxd7 17. Rc2 b5 18. Qd2 e5 19. dxe5 Nxe5 20. Nxe5 Bxe5 21. g3
Rac8 22. Rfc1 Rc7 23. Rxc7 Bxc7 24. Bf3 Rd8 25. Rd1 Bb6 26. Qxd5 Qe7 27. Qc6
Rxd1+ 28. Bxd1 Bxe3 29. Qc8+ Kg7 30. Qc3+ 1-0